| 000 | 01459cam a22002174a 4500 | ||
|---|---|---|---|
| 005 | 20250605164210.0 | ||
| 008 | 250528s ||||||||||||||||||||||||d | ||
| 035 | _a20198 | ||
| 020 | _a471947946 | ||
| 040 |
_aGR-AtMCL _bgre _dGR-AtMCL _eAACR2 |
||
| 245 | 1 | _aTourism and Economic Development / Western European Experiences | |
| 250 | _a2nd | ||
| 260 |
_bJohn Wiley & Sons, _c1995 |
||
| 300 | _a296 | ||
| 520 | _aThis diverse region offers a wide range of examples of the potential and limitations of tourism as a vehicle for development, and of government policy for tourism. Preface, Tourism and Development: Introduction, Western European Tourism in Perspective, Spain: the Phenomenon of Mass Tourism, Italy: Multi-Faceted Tourism, Greece: Prospects and Contradictions of Tourism in the 1980s, Portugal: Market Segmentation and Regional Specialization, Switzerland: Structural Change within Stability, Austria: Contrasting Tourist Seasons and Contrasting Regions, The United Kingdom: Market Responses and Public Policy, France: The Changing Character of a Key Industry, The Federal Republic of Germany: A Growing International Deficit?, The Netherlands: Tourist Development in a Crowded Society, Scandinavia: Challenging Nature in Norway, Tourism Policies in a Changing Economic Environment, Bibliography, Index. | ||
| 700 | 1 |
_aShaw Gareth _93475 |
|
| 700 | 1 |
_aWilliams Allan M _93476 |
|
| 942 | _cBK | ||
| 999 |
_c5333 _d5333 |
||